[Event "Sparkassen Open A 2013"]
[Site "Dortmund GER"]
[Date "2013.07.27"]
[Round "1.2"]
[White "Huckebrink, Chris"]
[Black "Schmittdiel, Eckhard"]
[Result "0-1"]
[BlackTitle "GM"]
[WhiteElo "2034"]
[BlackElo "2435"]
[WhiteFideId "12900320"]
[BlackFideId "4600096"]
[EventDate "2013.07.27"]

1. e4 e6 2. Nf3 d5 3. exd5 exd5 4. d4 Nc6 5. Bb5 Ne7 6. Nc3 a6 7. Ba4 Bg4 8. Be3
f6 9. h3 Bh5 10. g4 Bf7 11. Qd2 b5 12. Bb3 Na5 13. Ne2 Nc4 14. Bxc4 dxc4 15. Nf4
g5 16. Nh5 Bxh5 17. gxh5 Qd5 18. Qe2 O-O-O 19. O-O-O Nf5 20. h4 h6 21. hxg5 hxg5
22. Nh2 Re8 23. Ng4 Re6 24. Rh3 Nh4 25. Nxf6 Rxf6 26. Qg4+ Qf5 27. Qxg5 Rxh5 28.
Qxf5+ Rfxf5 29. Rdh1 Be7 30. f3 Rf7 31. Kd1 Rfh7 32. Bf2 Kd7 33. Bg3 c6 34. c3
a5 35. R3h2 a4 36. a3 Ke6 37. Re1+ Kf7 38. Bxh4 Rxh4 39. Rhe2 Bd6 40. Re4 Rh1
41. Kc2 Rxe1 42. Rxe1 Rh2+ 43. Kb1 Rf2 44. Rh1 Rxf3 45. Rh7+ Ke6 46. Rh6+ Rf6
47. Rh5 Rf5 48. Rh8 Bf8 49. Rh7 Kd5 50. Rh4 Rg5 51. Rh8 Bg7 52. Rd8+ Ke6 53. Rc8
Kd7 54. Ra8 Rg1+ 55. Ka2 Bxd4 56. cxd4 Rc1 57. Rh8 c3 58. Rh3 cxb2 59. Kxb2 Rc4
60. Rh7+ Kd6 61. Rh6+ Kd5 62. Rh5+ Kxd4 63. Rh4+ Kc5 64. Rh5+ Kb6 65. Rg5 Rc5
66. Rg2 Rd5 67. Kc3 Kc5 68. Rc2 Rd4 69. Rh2 Rc4+ 70. Kb2 Re4 71. Rc2+ Kd5 72.
Rd2+ Rd4 73. Rh2 c5 74. Rh5+ Kc4 75. Rh2 Re4 76. Rc2+ Kd5 77. Rd2+ Rd4 78. Rh2
b4 79. axb4 cxb4 80. Ka2 Kc4 81. Rc2+ Kb5 82. Rh2 a3 83. Rh3 Ka4 84. Rg3 b3+ 0-1

[Event "Sparkassen Open A 2013"]
[Site "Dortmund GER"]
[Date "2013.07.27"]
[Round "1.3"]
[White "Jesse, Ingemars"]
[Black "Carrasco, Paul"]
[Result "1-0"]
[WhiteTitle "FM"]
[WhiteElo "2320"]
[BlackElo "2034"]
[WhiteFideId "11602724"]
[BlackFideId "2008670"]
[EventDate "2013.07.27"]

1. g3 c5 2. Bg2 Nc6 3. Nf3 Nf6 4. O-O g6 5. c3 Bg7 6. d4 cxd4 7. cxd4 d5 8. Ne5
Qb6 9. Nxc6 bxc6 10. Nc3 Nd7 11. e3 Ba6 12. Re1 O-O 13. b3 Rfe8 14. Bb2 e6 15.
Na4 Qb7 16. Rc1 Rac8 17. Qd2 Bb5 18. Nc3 c5 19. dxc5 Nxc5 20. Nxd5 exd5 21. Rxc5
Rxc5 22. Bxg7 Rec8 23. Bb2 f6 24. Ba3 Kg7 25. Bxc5 Rxc5 26. Rd1 Bc6 27. b4 Rc4
28. Bxd5 Bxd5 29. Qxd5 Rxb4 30. Qd7+ 1-0

[Event "Sparkassen Open A 2013"]
[Site "Dortmund GER"]
[Date "2013.07.27"]
[Round "1.4"]
[White "Melmer, Felix"]
[Black "Scheider, Julian"]
[Result "0-1"]
[WhiteElo "2024"]
[BlackElo "2305"]
[WhiteFideId "24671878"]
[BlackFideId "24601284"]
[EventDate "2013.07.27"]

1. f4 d5 2. Nf3 g6 3. g3 Bg7 4. Bg2 c5 5. O-O Nc6 6. d3 Nf6 7. c3 O-O 8. Na3 Rb8
9. Nh4 d4 10. e4 dxe3 11. Bxe3 Ng4 12. Bxc5 Qa5 13. Bf2 Nxf2 14. Rxf2 Rd8 15.
Qc2 Be6 16. Nc4 Qc7 17. Ne3 Qb6 18. Qe2 Qb5 19. Bf1 Qa5 20. f5 Bd7 21. fxg6 hxg6
22. Nc4 Qg5 23. Re1 b5 24. Ne3 b4 25. d4 bxc3 26. bxc3 Rbc8 27. Nf3 Qh5 28. Ng2
Qa5 29. Qe3 Bg4 30. Bc4 e6 31. Bb3 Rc7 32. Kh1 Ne7 33. Qf4 Bxf3 34. Rxf3 Nd5 35.
Qg5 Rxc3 36. Rxc3 Bf6 37. Qg4 Qxc3 38. Rd1 Kg7 39. Qe4 Qb4 40. Rf1 Qxd4 41. Qf3
Qc3 42. Qf2 Qd4 43. Qf3 Rd7 44. Rd1 Qc3 45. Qf2 Nb6 46. Rxd7 Nxd7 47. Qxa7 Bd4
48. Qxd7 Qa1+ 49. Ne1 Qxe1+ 50. Kg2 Qe2+ 51. Kh3 Qf1+ 0-1

[Event "Sparkassen Open A 2013"]
[Site "Dortmund GER"]
[Date "2013.07.27"]
[Round "1.6"]
[White "Nielsen, Frode B."]
[Black "Webb, Laurence E"]
[Result "0-1"]
[BlackTitle "FM"]
[WhiteElo "2015"]
[BlackElo "2286"]
[WhiteFideId "1405721"]
[BlackFideId "402389"]
[EventDate "2013.07.27"]

1. e4 e6 2. Qe2 Nc6 3. f4 Nge7 4. Nf3 d5 5. c3 dxe4 6. Qxe4 Qd5 7. Qxd5 exd5 8.
d4 f6 9. Bd3 Bf5 10. Bxf5 Nxf5 11. g4 Nd6 12. f5 h5 13. Rg1 hxg4 14. Rxg4 Nxf5
15. Bf4 O-O-O 16. h4 Bd6 17. Bxd6 cxd6 18. Kf2 Rh5 19. Nbd2 Rdh8 20. Re1 Kd7 21.
Nf1 R8h7 22. Ng3 Nxg3 23. Rxg3 Ne7 24. Reg1 Nf5 25. Rg6 Ke7 26. c4 dxc4 27. d5
Kf7 28. R6g4 b5 29. a4 Nxh4 30. axb5 Rf5 31. R1g3 Nxf3 32. Rxf3 Rh2+ 33. Kg3
Rxf3+ 34. Kxf3 Rxb2 35. Rxc4 Rxb5 36. Rc7+ Kg6 37. Ke4 f5+ 38. Kd4 Kf6 39. Rxa7
Rb4+ 40. Kd3 Rg4 41. Ra8 Ke5 42. Ra5 g5 43. Ke3 Rg3+ 44. Ke2 f4 45. Kf2 Rd3 0-1

[Event "Sparkassen Open A 2013"]
[Site "Dortmund GER"]
[Date "2013.07.27"]
[Round "1.8"]
[White "Buckels, Valentin"]
[Black "Torres-Kuckel, Rafael"]
[Result "0-1"]
[BlackTitle "FM"]
[WhiteElo "1975"]
[BlackElo "2269"]
[WhiteFideId "12942766"]
[BlackFideId "4625072"]
[EventDate "2013.07.27"]

1. d4 Nf6 2. c4 e6 3. Nf3 c5 4. d5 exd5 5. cxd5 Bd6 6. Nc3 O-O 7. g3 Bc7 8. Bg2
d6 9. O-O a6 10. a4 Nbd7 11. Nd2 Rb8 12. b3 Re8 13. Bb2 b5 14. axb5 axb5 15.
Nde4 b4 16. Nxf6+ Nxf6 17. Nb1 Bb7 18. Qd3 Qe7 19. e3 Ne4 20. Nd2 Nxd2 21. Qxd2
Ra8 22. Rfc1 Bb6 23. e4 Ba6 24. e5 Bb7 25. Rxa8 Rxa8 26. Re1 dxe5 27. Rxe5 Qd6
28. Qe1 Kf8 29. Qe4 Qg6 30. Qe1 Rd8 31. Be4 Qd6 32. Qe2 Bc8 33. Bg2 f6 34. Qf3
Bb7 35. Rf5 Kf7 36. Qd1 Kg8 37. Qg4 Bc8 38. Bxf6 Qf8 39. Qg5 Bxf5 40. Be7 h6 41.
Qh4 g5 42. Bxg5 hxg5 43. Qxg5+ Kh8 44. Qh4+ Kg7 45. Qg5+ Bg6 46. Be4 Qf6 47. Qg4
c4 0-1

[Event "Sparkassen Open A 2013"]
[Site "Dortmund GER"]
[Date "2013.07.27"]
[Round "1.9"]
[White "Schmuecker, Marcus"]
[Black "Werrn, Pascal"]
[Result "1-0"]
[WhiteElo "2255"]
[BlackElo "1970"]
[WhiteFideId "4658892"]
[BlackFideId "4670035"]
[EventDate "2013.07.27"]

1. Nf3 Nf6 2. c4 e6 3. g3 c5 4. Bg2 Nc6 5. O-O Be7 6. d4 cxd4 7. Nxd4 O-O 8. Nc3
a6 9. b3 Qc7 10. e4 Nxd4 11. Qxd4 d6 12. Bb2 b6 13. Rad1 Bb7 14. Rd2 Rab8 15.
Rfd1 Rfc8 16. a4 Ba8 17. Ba3 Ne8 18. Qe3 Qc6 19. f4 Bf8 20. f5 Rb7 21. fxe6 fxe6
22. e5 d5 23. Bxf8 Kxf8 24. Rf2+ Kg8 25. Nxd5 Qc5 26. Rdf1 g6 27. Qxc5 1-0

[Event "Sparkassen Open A 2013"]
[Site "Dortmund GER"]
[Date "2013.07.27"]
[Round "1.10"]
[White "Dyballa, Gerhard"]
[Black "Kartsev, Alexandr"]
[Result "1/2-1/2"]
[WhiteElo "1970"]
[BlackElo "2247"]
[WhiteFideId "4645189"]
[BlackFideId "24647110"]
[EventDate "2013.07.27"]

1. c4 e5 2. Nc3 Nf6 3. g3 c6 4. d4 exd4 5. Qxd4 d5 6. Bg2 dxc4 7. Qxd8+ Kxd8 8.
Bf4 Be6 9. Nf3 Bb4 10. Ng5 Nbd7 11. O-O Ke7 12. Rfd1 h6 13. Nxe6 fxe6 14. a3 Ba5
15. Bd6+ Kf7 16. Rd4 Nb6 17. Ne4 Nxe4 18. Bxe4 Rhd8 19. Rad1 Nd5 20. Be5 b5 21.
Bc2 Rd7 22. e4 c5 23. Rxd5 exd5 24. exd5 g6 25. f4 Re8 26. Be4 c3 27. d6 cxb2
28. Bc6 Red8 29. Bxd7 Rxd7 30. Bxb2 Ke6 31. Be5 c4 32. Kg2 a6 33. Kf3 Bb6 34.
Ke4 Bc5 35. a4 Bxd6 36. axb5 Bxe5 37. Rxd7 Kxd7 38. bxa6 Bb8 39. Kd4 Ke6 40. g4
Ba7+ 41. Kxc4 g5 42. f5+ Kd6 43. Kd3 Kd5 44. Ke2 Bd4 45. Kf3 Bc5 46. Ke2 Bd4 47.
Kf3 Bc5 1/2-1/2

[Event "Sparkassen Open A 2013"]
[Site "Dortmund GER"]
[Date "2013.07.27"]
[Round "1.11"]
[White "Steinle, Carsten"]
[Black "Bausch, Thomas"]
[Result "1-0"]
[WhiteElo "2229"]
[BlackElo "1969"]
[WhiteFideId "24676462"]
[BlackFideId "24611115"]
[EventDate "2013.07.27"]

1. d4 Nf6 2. Bf4 d5 3. e3 e6 4. Bd3 Bd6 5. Bg3 O-O 6. Nd2 c5 7. c3 Nc6 8. f4 Qc7
9. Ngf3 b6 10. Bh4 cxd4 11. exd4 Bxf4 12. O-O Ng4 13. Qb1 Bxd2 14. h3 Be3+ 15.
Kh1 Nf6 16. Qe1 Bf4 17. Bxf6 gxf6 18. Qh4 h6 19. Qxf6 Ne7 20. g3 Bg5 21. Nxg5
hxg5 22. Qxg5+ Ng6 23. Rf6 e5 24. Bxg6 fxg6 25. Rxg6+ Kh8 26. Qh6+ 1-0

[Event "Sparkassen Open A 2013"]
[Site "Dortmund GER"]
[Date "2013.07.27"]
[Round "1.12"]
[White "Imcke, Patrick"]
[Black "Kartsev, Soel"]
[Result "1/2-1/2"]
[WhiteElo "1962"]
[BlackElo "2223"]
[WhiteFideId "4622502"]
[BlackFideId "4130561"]
[EventDate "2013.07.27"]

1. e4 d5 2. exd5 Nf6 3. Bb5+ Bd7 4. Bc4 Bg4 5. f3 Bc8 6. Nc3 Nbd7 7. Nge2 Nb6 8.
Bb3 Nfxd5 9. d4 g6 10. O-O Bg7 11. Ne4 O-O 12. c4 Nf6 13. Bg5 Nbd7 14. c5 h6 15.
Be3 c6 16. N2c3 e6 17. Qd2 Kh7 18. Nd6 Nd5 19. Nxd5 exd5 20. Bc2 b6 21. b4 a5
22. Ba4 b5 23. Bc2 axb4 24. Qxb4 Qc7 25. h4 Nf6 26. a4 bxa4 27. Rxa4 Be6 28. Rb1
Rab8 29. Qa3 Rxb1+ 30. Bxb1 Ne8 31. Bf4 Qe7 32. g3 Nxd6 33. Bxd6 Qb7 34. Bc2 Re8
35. Rb4 Ra8 36. Qb2 Qa6 37. Ra4 Qc8 38. Rb4 Bf5 39. h5 gxh5 40. Be5 Qe6 41. Kg2
Bxe5 42. Bxf5+ Qxf5 43. dxe5 d4 44. Qxd4 Ra2+ 45. Rb2 Ra3 46. Rf2 Rd3 47. Qe4
Qg6 48. Qc4 Rd5 49. Re2 Qe6 50. f4 h4 51. Qe4+ Qg6 52. e6 Qxe4+ 53. Rxe4 fxe6
54. Rxe6 Rxc5 55. gxh4 Rc3 56. h5 Kg7 57. Rg6+ Kh7 58. Kf2 c5 59. Re6 Kg7 60.
Rg6+ Kh7 61. Rc6 Kg7 1/2-1/2

[Event "Sparkassen Open A 2013"]
[Site "Dortmund GER"]
[Date "2013.07.27"]
[Round "1.16"]
[White "Armbruester, Juergen"]
[Black "Mundorf, Johannes"]
[Result "0-1"]
[WhiteElo "1954"]
[BlackElo "2205"]
[WhiteFideId "24681229"]
[BlackFideId "24672491"]
[EventDate "2013.07.27"]

1. e4 e6 2. d4 d5 3. Nc3 Nc6 4. Nf3 Nf6 5. e5 Ne4 6. Bd3 Bb4 7. Bd2 Nxd2 8. Qxd2
O-O 9. a3 Ba5 10. b4 Bb6 11. Ne2 f6 12. O-O fxe5 13. dxe5 Rxf3 14. gxf3 Nxe5 15.
Qf4 Qg5+ 16. Qxg5 Nxf3+ 17. Kg2 Nxg5 18. c4 c6 19. f4 Nf7 20. Rae1 Bd7 21. cxd5
cxd5 22. Nc3 Nd6 23. Kg3 g6 24. h4 Nf5+ 25. Bxf5 gxf5 26. Kf3 Kf7 27. Rc1 d4 28.
Nd1 a5 29. Nb2 axb4 30. Nc4 Bc7 31. axb4 Kf6 32. Ra1 Bc6+ 33. Ke2 Rxa1 34. Rxa1
Bxf4 35. Kd3 Be4+ 36. Kxd4 b5 37. Ra6 bxc4 38. Kxc4 Be3 39. b5 f4 40. Ra3 f3 0-1

[Event "Sparkassen Open A 2013"]
[Site "Dortmund GER"]
[Date "2013.07.27"]
[Round "1.18"]
[White "Niekrens, Stefan"]
[Black "Boehm, Juergen2"]
[Result "1-0"]
[WhiteElo "1952"]
[BlackElo "2189"]
[WhiteFideId "24635383"]
[BlackFideId "4606434"]
[EventDate "2013.07.27"]

1. e4 e6 2. Nf3 d5 3. Nc3 Nf6 4. e5 Nfd7 5. d4 c5 6. dxc5 Bxc5 7. Bd3 Nc6 8. Bf4
a6 9. O-O h6 10. h4 g6 11. Qd2 Nd4 12. Nxd4 Bxd4 13. Rae1 Bxc3 14. Qxc3 Qxh4 15.
g3 Qe7 16. Be3 Kf8 17. Kg2 Kg7 18. Rh1 b6 19. Qd2 g5 20. Rxh6 Rxh6 21. Bxg5 f6
22. Bxh6+ Kf7 23. Qf4 Bb7 24. Qg4 f5 25. Qg7+ Ke8 26. Qg8+ 1-0

[Event "Sparkassen Open A 2013"]
[Site "Dortmund GER"]
[Date "2013.07.27"]
[Round "1.20"]
[White "Wegelin, Reinhard"]
[Black "Schiefelbusch, Dirk"]
[Result "0-1"]
[WhiteElo "1935"]
[BlackElo "2133"]
[WhiteFideId "1305778"]
[BlackFideId "4694139"]
[EventDate "2013.07.27"]

1. d4 d5 2. e4 dxe4 3. Nc3 Bf5 4. f3 exf3 5. Qxf3 Qc8 6. Bc4 e6 7. Nh3 Nf6 8.
O-O Nc6 9. Be3 Be7 10. Ng5 O-O 11. Nge4 Qd7 12. Rad1 Rad8 13. h3 a6 14. Bb3 Nxe4
15. Nxe4 Na5 16. Ng3 Bg6 17. c3 Nxb3 18. axb3 Bc2 19. Ra1 Bxb3 20. Nh5 Bc2 21.
Qxb7 Rb8 22. Qxa6 Rxb2 23. Rf2 Rfb8 24. Raf1 R2b6 25. Qe2 Bg6 26. Nf4 Bh4 27.
Rf3 Be4 28. Nh5 Bxf3 29. Qxf3 g6 30. Bh6 f5 31. g3 Be7 32. Bg7 Qd5 33. Qf4 Rb2
34. Be5 0-1

[Event "Sparkassen Open A 2013"]
[Site "Dortmund GER"]
[Date "2013.07.27"]
[Round "1.22"]
[White "Rolf, Marco"]
[Black "Friedel, Marcus"]
[Result "0-1"]
[WhiteElo "1932"]
[BlackElo "2120"]
[WhiteFideId "24691143"]
[BlackFideId "4688708"]
[EventDate "2013.07.27"]

1. d4 d6 2. c4 e5 3. dxe5 dxe5 4. Qxd8+ Kxd8 5. Nc3 Be6 6. b3 c6 7. g3 Kc7 8.
Bh3 Bd7 9. a3 f6 10. Ne4 Ne7 11. Nc5 Bxh3 12. Nxh3 Nf5 13. Ne6+ Kd6 14. Nd8 Kc7
15. Ne6+ Kd7 16. Nxf8+ Rxf8 17. Bb2 Ke6 18. O-O-O Nd7 19. f4 h6 20. e4 Nd6 21.
f5+ Ke7 22. Rhe1 Nc5 23. b4 Na4 24. c5 Nc4 25. Ba1 b6 26. Rd3 bxc5 27. bxc5 Nxc5
28. Rc3 Na5 29. Kc2 Na4 30. Rd3 Rab8 31. Nf4 Rfd8 32. Rxd8 Rxd8 33. Ne6 Rb8 34.
Re3 g6 35. g4 Nc4 36. Rb3 Rb6 37. Rh3 gxf5 38. gxf5 Rb8 39. Rxh6 Nxa3+ 40. Kd2
Rb1 41. Bc3 Rb3 42. Rh7+ Kd6 43. Ba1 Nc4+ 44. Kc2 Ra3 45. Nd8 Kc5 46. Ne6+ Kb6
47. Rh6 Rxa1 48. Rxf6 Nc5 49. Nd8 Nxe4 50. Rxc6+ Kb5 51. f6 Ra2+ 52. Kc1 Rxh2
53. f7 Rf2 54. Rc7 Nc5 55. Rxa7 e4 56. Rc7 Nb3+ 57. Kd1 Rd2+ 0-1

[Event "Sparkassen Open A 2013"]
[Site "Dortmund GER"]
[Date "2013.07.27"]
[Round "1.24"]
[White "Vogt, Marc Jonas"]
[Black "Zweschper, Erich"]
[Result "1-0"]
[WhiteElo "1893"]
[BlackElo "2116"]
[WhiteFideId "24695661"]
[BlackFideId "4643119"]
[EventDate "2013.07.27"]

1. e4 d6 2. d4 e5 3. Nf3 Bg4 4. dxe5 Bxf3 5. Qxf3 dxe5 6. Bc4 Qf6 7. Qb3 b6 8.
O-O Bd6 9. Nc3 c6 10. f4 exf4 11. e5 Bxe5 12. Bxf4 Bxf4 13. Rae1+ Ne7 14. Ne4
Qd4+ 15. Kh1 Qe5 16. Ng3 Bxg3 17. Rxe5 Bxe5 18. Bxf7+ Kd8 19. Rd1+ Nd7 20. Qe6
Nd5 21. Qxc6 Ke7 22. Qe6+ 1-0

[Event "Sparkassen Open A 2013"]
[Site "Dortmund GER"]
[Date "2013.07.27"]
[Round "1.25"]
[White "Koenig, Christian"]
[Black "Hassler, Rolf"]
[Result "1/2-1/2"]
[WhiteElo "2114"]
[BlackElo "1887"]
[WhiteFideId "4656997"]
[BlackFideId "4638255"]
[EventDate "2013.07.27"]

1. d4 f5 2. c4 Nf6 3. Nc3 g6 4. f3 Bg7 5. e4 d6 6. exf5 Bxf5 7. Nge2 h5 8. Ng3
Qd7 9. Nxf5 gxf5 10. Bd3 Nc6 11. d5 Ne5 12. Bf4 Nxd3+ 13. Qxd3 O-O-O 14. O-O-O
Kb8 15. Rhe1 Nh7 16. Qe3 Bf6 17. Nb5 b6 18. Nd4 Bxd4 19. Qxd4 Rhg8 20. Re2 Nf8
21. Rde1 Ng6 22. Bg5 Rde8 23. f4 Qa4 24. b3 Qd7 25. Qd3 Ne5 26. fxe5 Rxg5 27. e6
Qc8 28. h4 Rg4 29. Qxf5 Reg8 30. Rf1 Qa6 31. Rff2 Qa3+ 32. Kb1 Rxh4 33. Rf1 Rh2
34. Qf7 Rhxg2 35. Rxg2 Rxg2 36. Qe8+ Kb7 37. Qc6+ Ka6 38. Qb5+ Kb7 39. Qc6+ 1/2-1/2

[Event "Sparkassen Open A 2013"]
[Site "Dortmund GER"]
[Date "2013.07.27"]
[Round "1.26"]
[White "Schuetzhold, Frank"]
[Black "Beutelhoff, Josef"]
[Result "0-1"]
[WhiteElo "1886"]
[BlackElo "2111"]
[WhiteFideId "4624980"]
[BlackFideId "4621336"]
[EventDate "2013.07.27"]

1. b3 e5 2. Bb2 d6 3. g3 Nf6 4. Bg2 g6 5. e3 Bg7 6. Ne2 O-O 7. O-O c6 8. c4 Bf5
9. d3 Qc8 10. Nbc3 Bh3 11. Rc1 Bxg2 12. Kxg2 Nbd7 13. f4 Ng4 14. Qd2 f5 15. h3
Nh6 16. d4 Re8 17. dxe5 dxe5 18. Rcd1 Nf8 19. Qc2 Qc7 20. Rd3 Nf7 21. Rfd1 Rad8
22. Rxd8 Rxd8 23. Rxd8 Qxd8 24. Qd1 Qe7 25. Qd2 h5 26. h4 Nh6 27. Ng1 Ng4 28.
Nf3 Qd7 29. Qe2 e4 30. Ne1 Ne6 31. Na4 Bf8 32. Bc1 b5 33. Nb2 Ba3 34. Nc2 Bxb2
35. Bxb2 Qd3 36. Kf1 Qxc2 37. Qxc2 Nxe3+ 38. Ke2 Nxc2 0-1

[Event "Sparkassen Open A 2013"]
[Site "Dortmund GER"]
[Date "2013.07.27"]
[Round "1.27"]
[White "Schoder, Volker"]
[Black "Herzum, Peter"]
[Result "1-0"]
[WhiteElo "2095"]
[BlackElo "1882"]
[WhiteFideId "24602213"]
[BlackFideId "12919217"]
[EventDate "2013.07.27"]

1. d4 Nf6 2. c4 c5 3. d5 b5 4. cxb5 a6 5. b6 Qxb6 6. Nc3 d6 7. Nf3 g6 8. g3 Bg7
9. Bg2 O-O 10. O-O Nbd7 11. h3 a5 12. Qc2 Ba6 13. Re1 Rfb8 14. e4 Qc7 15. Bf4
Ne5 16. Nxe5 dxe5 17. Be3 Nd7 18. b3 c4 19. Na4 Rc8 20. Rac1 Qd6 21. Bf1 cxb3
22. Qxb3 Bxf1 23. Kxf1 Rab8 24. Rxc8+ Rxc8 25. Rc1 Rxc1+ 26. Bxc1 h5 27. Kg2 Bf6
28. Qb5 Qc7 29. Qc6 Qd8 30. Be3 h4 31. g4 Nf8 32. Bb6 Qb8 33. Nc3 g5 34. a4 Ng6
35. Qc7 Nf4+ 36. Kh2 Qa8 37. Qd8+ Qxd8 38. Bxd8 Kf8 39. Bxa5 Ke8 40. Bb6 Kd7 41.
a5 e6 42. a6 Kc8 43. d6 1-0

[Event "Sparkassen Open A 2013"]
[Site "Dortmund GER"]
[Date "2013.07.27"]
[Round "1.28"]
[White "Stoer, Agnes"]
[Black "Noordhoek, Henk"]
[Result "1/2-1/2"]
[WhiteElo "1869"]
[BlackElo "2090"]
[WhiteFideId "1270593"]
[BlackFideId "1004565"]
[EventDate "2013.07.27"]

1. Nf3 Nf6 2. g3 g6 3. Bg2 Bg7 4. O-O c5 5. c4 O-O 6. Nc3 d5 7. cxd5 Nxd5 8. e4
Nxc3 9. dxc3 Nc6 10. Be3 b6 11. Qc1 Re8 12. Bh6 Bh8 13. Qf4 e5 14. Qe3 Qe7 15.
Rad1 Be6 16. b3 f6 17. Nh4 Rad8 18. Qe2 Rxd1 19. Rxd1 Rd8 20. Be3 Bg7 21. Bf1
Na5 22. Rxd8+ Qxd8 23. Qa6 Qc7 24. Qb5 Bf8 25. Nf3 Bd7 26. Qd3 Qd6 27. Nd2 Be6
28. Qa6 Qc7 29. Qd3 Nb7 30. Nc4 b5 31. Nb2 Nd6 32. c4 bxc4 33. Nxc4 Nxc4 34.
bxc4 Kf7 35. Qa3 Qb6 36. Bd3 Bh3 37. Qb3 Qxb3 38. axb3 Ke8 39. f3 Be6 40. Kf2
Kd7 41. Ke2 Kc6 42. Kd2 g5 43. g4 Bd6 44. Kc2 Bc7 45. Bd2 Bb6 46. Kb2 Bf7 47. h3
Kb7 48. Ka3 Bd8 49. Kb2 Ka6 50. Ka3 Ba5 51. Bxa5 Kxa5 52. Be2 Be8 53. Bd1 Kb6
54. Be2 a5 1/2-1/2

[Event "Sparkassen Open A 2013"]
[Site "Dortmund GER"]
[Date "2013.07.27"]
[Round "1.30"]
[White "Morgenroth, Hubertus"]
[Black "Hecht, Carsten"]
[Result "0-1"]
[WhiteElo "1857"]
[BlackElo "2087"]
[WhiteFideId "12922269"]
[BlackFideId "24693928"]
[EventDate "2013.07.27"]

1. e4 c5 2. d4 cxd4 3. Nf3 e6 4. c3 dxc3 5. Nxc3 Nc6 6. Bc4 d6 7. Qe2 Nf6 8. Bg5
Be7 9. Rd1 e5 10. h3 O-O 11. O-O Be6 12. Nb5 Ne8 13. Be3 Nc7 14. Nc3 Kh8 15. Rd2
Qe8 16. Rfd1 g6 17. Bh6 Rg8 18. Bg5 f6 19. Bh4 Qf7 20. Bxe6 Nxe6 21. Nb5 Rad8
22. Nxd6 Bxd6 23. Rxd6 Ncd4 24. Nxd4 Rxd6 0-1

[Event "Sparkassen Open A 2013"]
[Site "Dortmund GER"]
[Date "2013.07.27"]
[Round "1.32"]
[White "Meyes, Richard"]
[Black "Bramkamp, Rainer"]
[Result "1/2-1/2"]
[WhiteElo "1808"]
[BlackElo "2081"]
[WhiteFideId "12932833"]
[BlackFideId "4667298"]
[EventDate "2013.07.27"]

1. Nf3 d5 2. d4 Nf6 3. g3 Bf5 4. Bg2 e6 5. O-O Be7 6. c4 c6 7. b3 h6 8. Nc3 O-O
9. Bb2 Ne4 10. Nd2 Nxc3 11. Bxc3 Nd7 12. e4 dxe4 13. Nxe4 Nf6 14. Qe2 Nxe4 15.
Bxe4 Bxe4 16. Qxe4 Bf6 17. Rac1 Qd6 18. Rfd1 Rfd8 19. Qf3 Rd7 20. d5 Bxc3 21.
dxe6 Qxe6 22. Rxc3 Rad8 23. Rcd3 Rxd3 24. Rxd3 Rxd3 1/2-1/2

[Event "Sparkassen Open A 2013"]
[Site "Dortmund GER"]
[Date "2013.07.27"]
[Round "1.33"]
[White "Schroeder, Kevin"]
[Black "Biermann, Florian"]
[Result "1-0"]
[WhiteElo "2079"]
[BlackElo "1807"]
[WhiteFideId "12929840"]
[BlackFideId "2812630"]
[EventDate "2013.07.27"]

1. d4 Nf6 2. c4 c5 3. d5 e5 4. Nc3 d6 5. e4 Be7 6. Bd3 Nbd7 7. Nge2 Nf8 8. O-O
Ng6 9. a3 h5 10. b4 b6 11. f4 exf4 12. Nxf4 Ne5 13. Be2 h4 14. Nd3 Nfg4 15. h3
Nxd3 16. Bxg4 Ne5 17. Bxc8 Qxc8 18. Bf4 Nxc4 19. Rc1 Qd7 20. Qb3 Ne5 21. bxc5
bxc5 22. Bxe5 dxe5 23. d6 Bg5 24. Rcd1 Be3+ 25. Kh1 O-O 26. Nd5 Bd4 27. Ne7+ Kh7
28. Rf5 g5 29. Rxf7+ Kh6 30. Nf5+ 1-0

[Event "Sparkassen Open A 2013"]
[Site "Dortmund GER"]
[Date "2013.07.27"]
[Round "1.34"]
[White "Oberste, Norbert"]
[Black "Plassmann, Dominik"]
[Result "0-1"]
[WhiteElo "1778"]
[BlackElo "2078"]
[WhiteFideId "24608432"]
[BlackFideId "24673498"]
[EventDate "2013.07.27"]

1. f4 c5 2. e3 d5 3. d4 e6 4. Nf3 Nf6 5. c3 Nc6 6. Bd3 Bd6 7. O-O O-O 8. Nbd2 b6
9. Qe1 cxd4 10. Nxd4 Bb7 11. N2f3 Ne4 12. Bxe4 dxe4 13. Ng5 Ne7 14. Qg3 Nf5 15.
Qe1 h6 16. Nh3 Ba6 17. Rf2 Qh4 18. b3 Nxd4 19. exd4 f5 20. c4 Rfd8 21. Be3 Qe7
22. Rc2 Rac8 23. Qf2 Ba3 24. Kh1 Rd7 25. Rg1 Kh7 26. g4 g6 27. Qg2 Rg8 28. gxf5
exf5 29. Qf2 Bb7 30. Rg3 Qh4 31. Qg1 Be7 32. d5 Bf6 33. Rcg2 Rdg7 34. Nf2 Bb2
35. Nd1 Ba1 36. Nf2 Qf6 37. Rh3 Rc7 38. Nd1 Qg7 39. Qe1 Bf6 40. Bd2 Rd7 41. Ne3
Qf7 42. Qc1 Rc8 43. Qg1 Bd4 44. a4 a6 45. Qe1 Bf6 46. Bb4 b5 47. Rc2 Bxd5 48.
cxd5 Rxc2 49. Nxc2 Qxd5 50. Re3 g5 51. fxg5 Bxg5 52. axb5 Bxe3 53. Nxe3 Qxb5 54.
Qf2 Rf7 55. Qf1 Qxb4 0-1

[Event "Sparkassen Open A 2013"]
[Site "Dortmund GER"]
[Date "2013.07.27"]
[Round "1.35"]
[White "Meyer, Juergen1"]
[Black "Deinert, Wolfgang"]
[Result "1-0"]
[WhiteElo "2075"]
[BlackElo "1778"]
[WhiteFideId "4623878"]
[BlackFideId "4685229"]
[EventDate "2013.07.27"]

1. e4 e6 2. d4 d5 3. Nd2 c5 4. exd5 exd5 5. Ngf3 Nf6 6. Bb5+ Bd7 7. Qe2+ Qe7 8.
O-O Qxe2 9. Bxe2 Bd6 10. dxc5 Bxc5 11. Nb3 Bb6 12. a4 a6 13. a5 Ba7 14. Nfd4 Nc6
15. Be3 O-O 16. c3 Ne4 17. Nxc6 Bxc6 18. Bxa7 Rxa7 19. Nd4 Re8 20. h4 g6 21.
Rfd1 Bd7 22. Kf1 Raa8 23. Bf3 Rac8 24. Ne2 Bc6 25. Nf4 Rcd8 26. Rd4 Bb5+ 27. Kg1
Bc6 28. Rad1 Nf6 29. c4 Ba4 30. R1d2 Re1+ 31. Kh2 Rc8 32. Nxd5 Nxd5 33. cxd5 Bd7
34. d6 Rc5 35. b4 Rb5 36. Rc2 1-0

[Event "Sparkassen Open A 2013"]
[Site "Dortmund GER"]
[Date "2013.07.27"]
[Round "1.36"]
[White "Sherif, Amina"]
[Black "Businger, Paul"]
[Result "1/2-1/2"]
[WhiteElo "1641"]
[BlackElo "2073"]
[WhiteFideId "12911690"]
[BlackFideId "1306111"]
[EventDate "2013.07.27"]

1. e4 e5 2. Nf3 Nc6 3. Bb5 a6 4. Ba4 Nf6 5. d3 b5 6. Bb3 Be7 7. O-O O-O 8. Re1
d6 9. c3 Na5 10. Bc2 c5 11. h3 Nc6 12. a4 Bd7 13. Nbd2 Qc7 14. Qe2 Rfe8 15. Nf1
h6 16. Ne3 Bf8 17. Bb3 Na5 18. Nd5 Nxd5 19. Bxd5 Rab8 20. axb5 axb5 21. Be3 Nc6
22. Ra2 Ne7 23. Bb3 Ra8 24. Rea1 Rxa2 25. Rxa2 Ng6 26. Nd2 Be6 27. Bxe6 Rxe6 28.
Qd1 Re8 29. Qa1 Rb8 30. Ra7 Qc8 31. Qa5 Rb7 32. Rxb7 Qxb7 33. Nb1 d5 34. exd5
Qxd5 35. Qxb5 Nh4 36. f3 Nxf3+ 37. gxf3 Qxf3 38. Bxc5 Qg3+ 39. Kf1 Bxc5 40. Qxc5
Qxd3+ 41. Kf2 Qxb1 42. b4 Qc2+ 43. Kg3 Qd3+ 44. Kg2 Qd2+ 45. Kg3 Qf4+ 1/2-1/2